Statistiken für Deutsche Lieder nach Buchstabe - J

Klicken Sie hier um das Quiz zu spielen!

Allgemein

  • Dieses Quiz wurde 119 mal gespielt
  • Das Durchschnittsergebnis liegt bei 5 aus 18

Antwortstatistiken

TitelInterpret% Korrekt
JungeDie Ärzte
84%
JeinFettes Brot
64%
Je ne parle pas françaisNamika
64%
Jenseits von EdenNino De Angelo
51%
JunimondRio Reiser
40%
Junge, komm bald wiederFreddy Quinn
30%
JugendliebeUte Freudenberg
22%
Ja ich willAndrea Berg
19%
Ja, wenn wir alle Englein wärenFred Sonnenschein und seine Freunde
17%
Johnny BlueLena Valaitis
17%
Jim Beam & VoddiAK Ausserkontrolle feat. Bonez MC
15%
Junger AdlerTom Astor
14%
Jö SchauGeorg Danzer
10%
Jive ConnieConnie Francis
8%
JedermannPizzera & Jaus
3%
JaJaSha
3%
Ja, ja… Deine Mudder!Fünf Sterne Deluxe
2%
Jeder meiner FehlerRadio Doria
2%

Verteilung der Resultate

Perzentil nach korrekt beantworteten Fragen

Anzahl Personen mit jedem Resultat

Ihre Resultats-Entwicklung

Sie haben dieses Quiz noch nicht gespielt